| 000 | 00824cab a2200277 4500 | ||
|---|---|---|---|
| 001 | WB2846-14 | ||
| 008 | 090401t1992 xxu||||| |||| 00| 0 eng d | ||
| 035 | _a(Sirsi) u68618 | ||
| 041 | _aeng | ||
| 245 | _aIPD index | ||
| 260 | _c1992 | ||
| 350 | _a0 | ||
| 490 |
_aFinancial Times _v27 November 1992, 29(1) |
||
| 520 | _aThe IPD monthly index for October shows a slight upward movement for total returns, little movement in yields and a heavy fall in rental values. | ||
| 650 | _aINDUSTRIAL PROPERTY | ||
| 650 | _aIPD MONTHLY INDEX | ||
| 650 | _aOFFICES | ||
| 650 | _aOVER-RENTED PROPERTY | ||
| 650 | _aRENTAL VALUES | ||
| 650 | _aRETAIL PROPERTY | ||
| 650 | _aSTATISTICS | ||
| 650 | _aYIELDS | ||
| 690 | _aPROPERTY-COMMERCIAL PROPERTY-COMMERCIAL PROPERTY MARKET | ||
| 942 | _n0 | ||
| 948 | _c04/03/1997 | ||
| 999 |
_c43051 _d43051 |
||